000 00632nam a2200253 a 4500
003 AR-BaBNM
005 20251128202858.0
008 082120s2002 ||||||||||||||000 | spa||
040 _cAR-BaBNM
100 1 _aMugnos de Escudero, Margarita
245 0 0 _aLa maestrita de los Yarcos
260 _aBuenos Aires
_bLosada
_c1957
300 _a175 p.
650 4 _aLITERATURA ARGENTINA
650 4 _aESCRITORES
650 4 _aNOVELAS
650 4 _aCOSTUMBRES Y TRADICIONES
650 4 _aLITERATURA FOLKLORICA
650 4 _aLEYENDAS
650 4 _aLITERATURA POPULAR
655 _aLITERATURA
942 _cBK
998 _cMARTIN
999 _c1010
_d1010